[Event "Carlos Torre Memorial op 16th"]
[Site "Merida"]
[Date "2003.12.18"]
[Round "7"]
[White "Hernandez Andres, Gustavo"]
[Black "Hernandez Onna, Roman"]
[Result "0-1"]
[WhiteElo "2311"]
[BlackElo "2414"]
[PlyCount "42"]
[EventDate "2003.12.12"]
[EventType "swiss"]
[EventRounds "9"]
[EventCountry "MEX"]
[SourceTitle "CBM 097 ext"]
[Source "ChessBase"]
[SourceDate "2004.01.13"]
[SourceVersion "1"]
[SourceVersionDate "2004.01.13"]
[SourceQuality "1"]

1. e4 c5 2. Nc3 g6 3. f4 Bg7 4. Nf3 Nc6 5. g3 d6 6. Bg2 e5 7. d3 Nge7 8. O-O
exf4 9. Bxf4 Bg4 10. Qd2 O-O 11. Bh6 Qb6 12. Bxg7 Kxg7 13. Nh4 f6 14. h3 Be6
15. Kh2 Rae8 16. Ne2 Qxb2 17. Rab1 Qa3 18. Rxb7 Qxa2 19. Nf4 Bc8 20. Nf5+ gxf5
21. Nh5+ Kg8 0-1

[Event "CUB-ch op"]
[Site "Havana"]
[Date "2004.04.20"]
[Round "1"]
[White "Hernandez Onna, Roman"]
[Black "Arencibia Rodriguez, Walter"]
[Result "1/2-1/2"]
[WhiteElo "2420"]
[BlackElo "2505"]
[PlyCount "33"]
[EventDate "2004.04.20"]
[EventType "swiss"]
[EventRounds "9"]
[EventCountry "CUB"]
[SourceTitle "CBM 100 ext"]
[Source "ChessBase"]
[SourceDate "2004.07.06"]
[SourceVersion "2"]
[SourceVersionDate "2004.07.06"]
[SourceQuality "1"]

1. d4 d5 2. c4 dxc4 3. Nf3 e6 4. e3 Nf6 5. Bxc4 c5 6. a3 a6 7. dxc5 Qxd1+ 8.
Kxd1 Bxc5 9. b4 Bd6 10. Bb2 b5 11. Bd3 Bb7 12. Nbd2 Nbd7 13. Ke2 Ke7 14. Rac1
Rhc8 15. Rxc8 Rxc8 16. Rc1 Rxc1 17. Bxc1 1/2-1/2

[Event "CUB-ch op"]
[Site "Havana"]
[Date "2004.04.21"]
[Round "2"]
[White "Gonzalez Vidal, Yuri"]
[Black "Hernandez Onna, Roman"]
[Result "1/2-1/2"]
[WhiteElo "2481"]
[BlackElo "2420"]
[PlyCount "124"]
[EventDate "2004.04.20"]
[EventType "swiss"]
[EventRounds "9"]
[EventCountry "CUB"]
[SourceTitle "CBM 100 ext"]
[Source "ChessBase"]
[SourceDate "2004.07.06"]
[SourceVersion "2"]
[SourceVersionDate "2004.07.06"]
[SourceQuality "1"]

1. e4 e5 2. Nf3 Nc6 3. Bb5 a6 4. Ba4 Nf6 5. O-O Be7 6. Re1 b5 7. Bb3 d6 8. c3
O-O 9. h3 Na5 10. Bc2 c5 11. d4 Qc7 12. Nbd2 cxd4 13. cxd4 Bd7 14. Nf1 Nc6 15.
Be3 Rfe8 16. Rc1 Qb7 17. Ng3 Bd8 18. Bb1 h6 19. a3 Na5 20. Nd2 Rc8 21. Rxc8
Bxc8 22. d5 Bd7 23. b4 Nc4 24. Nxc4 bxc4 25. Qe2 Qb5 26. Ba2 Qa4 27. Bc1 Bb6
28. Bxc4 Rc8 29. Qd3 Bb5 30. Bxb5 Qxb5 31. Qf3 Rc2 32. Be3 Rc3 33. Nf5 Bxe3 34.
fxe3 Rxa3 35. Qg3 Ne8 36. Nxh6+ Kf8 37. Nf5 Qxb4 38. Qh4 f6 39. Rf1 Rb3 40.
Qh8+ Kf7 41. Qh5+ Kf8 42. Nxg7 Kxg7 43. Qxe8 Rb1 44. Qe7+ Kg8 45. Qe6+ Kg7 46.
Qxf6+ Kh7 47. Qf5+ Kg7 48. Qg4+ Kh7 49. Rxb1 Qxb1+ 50. Kh2 Qb8 51. Qd7+ Kh8 52.
Kg3 a5 53. Kh4 Qf8 54. Kh5 Qf6 55. g4 Kg8 56. Qc8+ Kg7 57. g5 Qf3+ 58. Kh4 Qf2+
59. Kg4 Qg2+ 60. Kh5 Qf3+ 61. Kh4 Qf2+ 62. Kg4 Qg2+ 1/2-1/2

[Event "CUB-ch op"]
[Site "Havana"]
[Date "2004.04.22"]
[Round "3"]
[White "Hernandez Onna, Roman"]
[Black "Hernandez Carmenates, Holden"]
[Result "1/2-1/2"]
[WhiteElo "2420"]
[BlackElo "2426"]
[PlyCount "54"]
[EventDate "2004.04.20"]
[EventType "swiss"]
[EventRounds "9"]
[EventCountry "CUB"]
[SourceTitle "CBM 100 ext"]
[Source "ChessBase"]
[SourceDate "2004.07.06"]
[SourceVersion "2"]
[SourceVersionDate "2004.07.06"]
[SourceQuality "1"]

1. d4 Nf6 2. Nf3 e6 3. c4 b6 4. g3 Ba6 5. b3 Bb4+ 6. Bd2 Be7 7. Bg2 c6 8. Bc3
d5 9. Nbd2 O-O 10. Ne5 Nfd7 11. Nxd7 Nxd7 12. O-O b5 13. c5 f5 14. b4 Qc7 15.
Nb3 Rf7 16. Bd2 Re8 17. Bf4 Qd8 18. Na5 Qc8 19. Qd2 Bf6 20. Bd6 e5 21. dxe5
Nxe5 22. Bxe5 Rxe5 23. Rad1 Rfe7 24. e3 g6 25. Nb3 Qc7 26. Nd4 Kg7 27. Nf3 Re4
1/2-1/2

[Event "CUB-ch op"]
[Site "Havana"]
[Date "2004.04.23"]
[Round "4"]
[White "Almeida Quintana, Omar"]
[Black "Hernandez Onna, Roman"]
[Result "1-0"]
[WhiteElo "2426"]
[BlackElo "2420"]
[PlyCount "75"]
[EventDate "2004.04.20"]
[EventType "swiss"]
[EventRounds "9"]
[EventCountry "CUB"]
[SourceTitle "CBM 100 ext"]
[Source "ChessBase"]
[SourceDate "2004.07.06"]
[SourceVersion "2"]
[SourceVersionDate "2004.07.06"]
[SourceQuality "1"]

1. d4 Nf6 2. Nf3 e6 3. c4 Bb4+ 4. Bd2 Qe7 5. g3 Nc6 6. Bg2 Bxd2+ 7. Nbxd2 d6 8.
O-O O-O 9. e4 e5 10. d5 Nb8 11. Ne1 Na6 12. Nd3 c6 13. dxc6 bxc6 14. b4 Nc7 15.
Re1 a5 16. a3 axb4 17. axb4 Rxa1 18. Qxa1 Ne6 19. Nb3 Ng5 20. c5 Nh3+ 21. Bxh3
Bxh3 22. cxd6 Qxd6 23. Nbc5 Re8 24. f3 h5 25. Rd1 Bc8 26. Nb2 Qe7 27. Nc4 h4
28. Kg2 Kh7 29. Rd6 Nh5 30. Qc1 f5 31. Rxc6 fxe4 32. Nxe4 Rf8 33. Qg5 h3+ 34.
Kf2 Qa7+ 35. Ke2 Qf7 36. Nxe5 Qa2+ 37. Qd2 Qa4 38. Ng5+ 1-0

[Event "Capablanca Memorial Premier II 39th"]
[Site "Havana"]
[Date "2004.05.06"]
[Round "1"]
[White "De la Paz Perdomo, Frank"]
[Black "Hernandez Onna, Roman"]
[Result "1-0"]
[WhiteElo "2449"]
[BlackElo "2420"]
[PlyCount "69"]
[EventDate "2004.05.06"]
[EventType "tourn"]
[EventRounds "13"]
[EventCountry "CUB"]
[EventCategory "8"]
[SourceTitle "CBM 100 ext"]
[Source "ChessBase"]
[SourceDate "2004.07.06"]
[SourceVersion "2"]
[SourceVersionDate "2004.07.06"]
[SourceQuality "1"]

1. e4 e5 2. Nf3 Nc6 3. Bc4 Nf6 4. d3 Be7 5. O-O O-O 6. c3 d6 7. Bb3 Na5 8. Bc2
c5 9. a3 Nc6 10. b4 a6 11. Nbd2 b5 12. d4 cxb4 13. cxb4 exd4 14. Bb2 Bg4 15. h3
Bh5 16. g4 Bg6 17. Nxd4 Nxd4 18. Bxd4 d5 19. e5 Ne4 20. Nb3 f5 21. exf6 Bxf6
22. Bxf6 Rxf6 23. Bxe4 dxe4 24. Nc5 Rf3 25. Kg2 Qg5 26. Qd7 Re8 27. Nxe4 Rxe4
28. Kxf3 h5 29. Rae1 hxg4+ 30. hxg4 Rxg4 31. Qe6+ Kh7 32. Qe5 Qxe5 33. Rxe5 Rh4
34. Kg3 Rc4 35. Re6 1-0

[Event "Capablanca Memorial Premier II 39th"]
[Site "Havana"]
[Date "2004.05.08"]
[Round "3"]
[White "Borriss, Martin"]
[Black "Hernandez Onna, Roman"]
[Result "1-0"]
[WhiteElo "2441"]
[BlackElo "2420"]
[PlyCount "99"]
[EventDate "2004.05.06"]
[EventType "tourn"]
[EventRounds "13"]
[EventCountry "CUB"]
[EventCategory "8"]
[SourceTitle "CBM 100 ext"]
[Source "ChessBase"]
[SourceDate "2004.07.06"]
[SourceVersion "2"]
[SourceVersionDate "2004.07.06"]
[SourceQuality "1"]

1. e4 e5 2. Nf3 Nc6 3. Bb5 a6 4. Ba4 Nf6 5. O-O Be7 6. Re1 b5 7. Bb3 d6 8. c3
O-O 9. h3 Na5 10. Bc2 c5 11. d4 Qc7 12. Nbd2 cxd4 13. cxd4 Nc6 14. Nb3 a5 15.
Be3 a4 16. Nbd2 Bd7 17. Rc1 Qb7 18. a3 Rfe8 19. Bb1 h6 20. Rc3 Rac8 21. Nf1
Nxd4 22. Nxd4 Rxc3 23. bxc3 exd4 24. Bxd4 d5 25. exd5 Nxd5 26. Qd3 g6 27. Qg3
Bf6 28. Rxe8+ Bxe8 29. Bxf6 Nxf6 30. Qe5 Qc6 31. Ba2 Kg7 32. f3 Bd7 33. Ne3 Be6
34. Bxe6 Qxe6 35. Qxe6 fxe6 36. Kf2 h5 37. Ke2 Ne8 38. Kd3 e5 39. Ke4 Kf6 40.
Kd5 h4 41. Kc6 e4 42. f4 Ke6 43. Kxb5 Ng7 44. Kxa4 Nf5 45. Nc2 e3 46. Kb5 Kd5
47. a4 Nd6+ 48. Kb4 e2 49. a5 Kc6 50. Nd4+ 1-0

[Event "Capablanca Memorial Premier II 39th"]
[Site "Havana"]
[Date "2004.05.09"]
[Round "4"]
[White "Hernandez Onna, Roman"]
[Black "Abreu Delgado, Aryam"]
[Result "1/2-1/2"]
[WhiteElo "2420"]
[BlackElo "2459"]
[PlyCount "58"]
[EventDate "2004.05.06"]
[EventType "tourn"]
[EventRounds "13"]
[EventCountry "CUB"]
[EventCategory "8"]
[SourceTitle "CBM 100 ext"]
[Source "ChessBase"]
[SourceDate "2004.07.06"]
[SourceVersion "2"]
[SourceVersionDate "2004.07.06"]
[SourceQuality "1"]

1. Nf3 Nf6 2. g3 d5 3. Bg2 c6 4. d3 Bg4 5. Nbd2 Nbd7 6. h3 Bh5 7. O-O e5 8. e4
Bd6 9. Qe1 O-O 10. Nh4 Re8 11. Nb3 Qc7 12. a4 Rac8 13. Bd2 b6 14. Kh2 a5 15.
Be3 Bb4 16. Bd2 Bf8 17. Qe3 Rcd8 18. Qe1 Qb7 19. Rc1 dxe4 20. dxe4 Qa6 21. Bc3
Qc4 22. Ra1 Bb4 23. Nf5 Bf8 24. Ne3 Qa6 25. f3 Nc5 26. Nxc5 Bxc5 27. Rd1 Qa7
28. Rd2 Rxd2 29. Bxd2 Nd7 1/2-1/2

[Event "Capablanca Memorial Premier II 39th"]
[Site "Havana"]
[Date "2004.05.10"]
[Round "5"]
[White "Zambrana, Oswaldo"]
[Black "Hernandez Onna, Roman"]
[Result "1-0"]
[WhiteElo "2472"]
[BlackElo "2420"]
[PlyCount "49"]
[EventDate "2004.05.06"]
[EventType "tourn"]
[EventRounds "13"]
[EventCountry "CUB"]
[EventCategory "8"]
[SourceTitle "CBM 100 ext"]
[Source "ChessBase"]
[SourceDate "2004.07.06"]
[SourceVersion "2"]
[SourceVersionDate "2004.07.06"]
[SourceQuality "1"]

1. e4 c5 2. Nf3 Nc6 3. d4 cxd4 4. Nxd4 g6 5. Nc3 Bg7 6. Be3 Nf6 7. Bc4 O-O 8.
Bb3 d6 9. f3 Bd7 10. Qd2 Rc8 11. O-O-O Ne5 12. h4 h5 13. Kb1 b5 14. Ndxb5 Qa5
15. Nxa7 Nc4 16. Qe1 Rc7 17. Ncb5 Bxb5 18. Qxa5 Nxa5 19. Nxb5 Rb7 20. Nc3 Rc8
21. Nd5 Nxd5 22. Rxd5 Nc4 23. Bc1 Kf8 24. Bxc4 Rxc4 25. b3 1-0

[Event "Capablanca Memorial Premier II 39th"]
[Site "Havana"]
[Date "2004.05.11"]
[Round "6"]
[White "Hernandez Onna, Roman"]
[Black "Kallio, Heikki"]
[Result "0-1"]
[WhiteElo "2420"]
[BlackElo "2484"]
[PlyCount "114"]
[EventDate "2004.05.06"]
[EventType "tourn"]
[EventRounds "13"]
[EventCountry "CUB"]
[EventCategory "8"]
[SourceTitle "CBM 100 ext"]
[Source "ChessBase"]
[SourceDate "2004.07.06"]
[SourceVersion "2"]
[SourceVersionDate "2004.07.06"]
[SourceQuality "1"]

1. d4 g6 2. Nf3 Bg7 3. c4 c5 4. d5 b5 5. cxb5 a6 6. bxa6 Bxa6 7. Nc3 Nf6 8. e4
Bxf1 9. Kxf1 d6 10. g3 O-O 11. Kg2 Nbd7 12. Re1 Ng4 13. Re2 Qb6 14. Bg5 Rfe8
15. Qc2 Qa6 16. Rd1 Nb6 17. h3 Ne5 18. Ne1 Nec4 19. Bc1 Reb8 20. f4 Na3 21. Qd3
c4 22. Qf3 Nb5 23. e5 Nxc3 24. bxc3 Qb7 25. Be3 Na4 26. Bd4 Nb2 27. Rb1 Rxa2
28. Nc2 Qa8 29. exd6 exd6 30. Bxg7 Nd3 31. Rxb8+ Qxb8 32. Bd4 Rxc2 33. Qe4
Rxe2+ 34. Qxe2 Kf8 35. f5 Qb7 36. fxg6 Qxd5+ 37. Kh2 hxg6 38. Qe3 Ne5 39. Bxe5
Qxe5 40. Qd2 d5 41. h4 Qe4 42. Qb2 Kg7 43. Qd2 Qd3 44. Qe1 Qc2+ 45. Kh3 Kf6 46.
Qa1 Qd2 47. Qa6+ Kg7 48. Qa1 Qe3 49. Kh2 Kh6 50. Kh3 Kh7 51. Qa5 d4 52. cxd4
Qxd4 53. Qc7 Kg7 54. Kh2 c3 55. Kh3 Qd3 56. Qe5+ Kh7 57. Qc7 Qf5+ 0-1

[Event "Capablanca Memorial Premier II 39th"]
[Site "Havana"]
[Date "2004.05.15"]
[Round "9"]
[White "Nogueiras Santiago, Jesus"]
[Black "Hernandez Onna, Roman"]
[Result "1-0"]
[WhiteElo "2482"]
[BlackElo "2420"]
[PlyCount "117"]
[EventDate "2004.05.06"]
[EventType "tourn"]
[EventRounds "13"]
[EventCountry "CUB"]
[EventCategory "8"]
[SourceTitle "CBM 100 ext"]
[Source "ChessBase"]
[SourceDate "2004.07.06"]
[SourceVersion "2"]
[SourceVersionDate "2004.07.06"]
[SourceQuality "1"]

1. Nf3 Nf6 2. c4 e6 3. Nc3 d5 4. d4 Nbd7 5. Bg5 Be7 6. e3 c6 7. Bd3 O-O 8. O-O
dxc4 9. Bxc4 Nd5 10. Bxe7 Qxe7 11. Ne4 N5f6 12. Ng3 b6 13. Rc1 c5 14. e4 cxd4
15. e5 Ne8 16. Qxd4 Bb7 17. Rfd1 Nc5 18. b4 Na6 19. a3 Nac7 20. Qg4 Rd8 21. Ng5
Nd5 22. Bd3 h6 23. Nh7 f5 24. exf6 Nexf6 25. Nxf6+ Nxf6 26. Qg6 Qf7 27. Qxf7+
Kxf7 28. Rc7+ Rd7 29. Rxd7+ Nxd7 30. Be4 Bc8 31. Rc1 Ke7 32. Rc7 a6 33. f3 Kd6
34. Rc6+ Ke7 35. Kf2 Bb7 36. Rc7 Bxe4 37. Nxe4 Ra8 38. a4 a5 39. b5 Rf8 40. Nd2
Rf5 41. Nc4 Rc5 42. Rxc5 Nxc5 43. Nxb6 Kd6 44. Nc4+ Kd5 45. Nxa5 Nxa4 46. Ke3
Kc5 47. Nb3+ Kc4 48. Nd4 Nc5 49. b6 Kd5 50. Nb3 Nb7 51. Kf4 g6 52. Nd2 e5+ 53.
Kg4 Kc6 54. h4 Nd6 55. h5 g5 56. Ne4 Nc4 57. Kf5 Ne3+ 58. Kg6 Nxg2 59. Kxh6 1-0

[Event "Capablanca Memorial Premier II 39th"]
[Site "Havana"]
[Date "2004.05.16"]
[Round "10"]
[White "Hernandez Onna, Roman"]
[Black "Rodriguez Guerrero, Enrique"]
[Result "1/2-1/2"]
[WhiteElo "2420"]
[BlackElo "2407"]
[PlyCount "72"]
[EventDate "2004.05.06"]
[EventType "tourn"]
[EventRounds "13"]
[EventCountry "CUB"]
[EventCategory "8"]
[SourceTitle "CBM 100 ext"]
[Source "ChessBase"]
[SourceDate "2004.07.06"]
[SourceVersion "2"]
[SourceVersionDate "2004.07.06"]
[SourceQuality "1"]

1. Nf3 c5 2. c4 Nc6 3. Nc3 e5 4. e3 Nf6 5. d4 cxd4 6. exd4 e4 7. Ne5 Bb4 8.
Nxc6 dxc6 9. Be2 O-O 10. Be3 Qa5 11. Qd2 Bg4 12. Bxg4 Nxg4 13. h3 Nxe3 14. fxe3
Qf5 15. a3 Bd6 16. O-O-O c5 17. Kb1 Rac8 18. g4 Qg6 19. Rhf1 Rfe8 20. Rf5 Qe6
21. d5 Qe7 22. Qg2 g6 23. Rf2 Qe5 24. Rdf1 Re7 25. Rf4 Qg7 26. Rxe4 Be5 27. d6
Re6 28. Nd5 Rd8 29. g5 Rexd6 30. a4 Re6 31. h4 b6 32. Qc2 Rdd6 33. Nc7 Re7 34.
Nd5 Ree6 35. Nc7 Re7 36. Nd5 Ree6 1/2-1/2

[Event "Capablanca Memorial Premier II 39th"]
[Site "Havana"]
[Date "2004.05.18"]
[Round "12"]
[White "Hernandez Onna, Roman"]
[Black "Pecorelli Garcia, Humberto"]
[Result "1/2-1/2"]
[WhiteElo "2420"]
[BlackElo "2420"]
[PlyCount "32"]
[EventDate "2004.05.06"]
[EventType "tourn"]
[EventRounds "13"]
[EventCountry "CUB"]
[EventCategory "8"]
[SourceTitle "CBM 100 ext"]
[Source "ChessBase"]
[SourceDate "2004.07.06"]
[SourceVersion "2"]
[SourceVersionDate "2004.07.06"]
[SourceQuality "1"]

1. d4 d5 2. c4 e6 3. Nc3 Nf6 4. Bg5 c6 5. cxd5 exd5 6. e3 Be7 7. Qc2 Nbd7 8.
Bd3 Nh5 9. Bxe7 Qxe7 10. O-O-O Nhf6 11. Nf3 O-O 12. g4 Re8 13. g5 Ne4 14. h4
Nxc3 15. Bxh7+ Kh8 16. bxc3 Nb6 1/2-1/2

[Event "Guillermo Garcia Memorial-A 12th"]
[Site "Santa Clara"]
[Date "2004.05.21"]
[Round "1"]
[White "Hernandez Onna, Roman"]
[Black "Leon Hoyos, Manuel"]
[Result "0-1"]
[WhiteElo "2420"]
[BlackElo "2286"]
[PlyCount "128"]
[EventDate "2004.05.21"]
[EventType "tourn"]
[EventRounds "13"]
[EventCountry "CUB"]
[EventCategory "8"]
[SourceTitle "CBM 100 ext"]
[Source "ChessBase"]
[SourceDate "2004.07.06"]
[SourceVersion "2"]
[SourceVersionDate "2004.07.06"]
[SourceQuality "1"]

1. Nf3 g6 2. d4 Bg7 3. c4 c5 4. Nc3 cxd4 5. Nxd4 Nc6 6. e3 Nf6 7. Nc2 d6 8. Be2
Be6 9. e4 Nd7 10. Bd2 O-O 11. O-O a5 12. Be3 Nce5 13. Na3 Rc8 14. Nd5 Nc5 15.
f3 f5 16. exf5 Bxf5 17. Qd2 Na4 18. b3 Nc5 19. Nb5 Bd7 20. Bg5 Nc6 21. Rae1 Rf5
22. Bd1 Ne6 23. Be3 Be8 24. Bc2 Rf8 25. Bf2 Bf7 26. Re2 Nc5 27. Rfe1 Ne5 28.
Bh4 Bxd5 29. Qxd5+ Kh8 30. Bf2 Qd7 31. Be4 a4 32. Qd1 axb3 33. axb3 Ne6 34. Be3
Nf4 35. Ra2 Qe6 36. Bxb7 Rb8 37. Be4 Qf6 38. Nc7 Bh6 39. Nd5 Nxd5 40. Bxd5
Bxe3+ 41. Rxe3 Qg5 42. Re1 Qh4 43. g3 Qf6 44. f4 Nd7 45. Re6 Qc3 46. Rxe7 Nf6
47. Rae2 Qxb3 48. Qxb3 Rxb3 49. Be6 Rb1+ 50. Kg2 Rc1 51. g4 Rc3 52. Bf7 Nxg4
53. Rc7 Ne3+ 54. Kf2 Nf5 55. Bd5 Rh3 56. Kg2 Rh4 57. Re4 Rg4+ 58. Kf3 h5 59.
Be6 Nh4+ 60. Ke3 Ng2+ 61. Kf3 Rgxf4+ 62. Rxf4 Nxf4 63. Bf7 Ne6 64. Re7 Rxf7+
0-1

[Event "Guillermo Garcia Memorial-A 12th"]
[Site "Santa Clara"]
[Date "2004.05.22"]
[Round "2"]
[White "Zambrana, Oswaldo"]
[Black "Hernandez Onna, Roman"]
[Result "1-0"]
[WhiteElo "2472"]
[BlackElo "2420"]
[PlyCount "95"]
[EventDate "2004.05.21"]
[EventType "tourn"]
[EventRounds "13"]
[EventCountry "CUB"]
[EventCategory "8"]
[SourceTitle "CBM 100 ext"]
[Source "ChessBase"]
[SourceDate "2004.07.06"]
[SourceVersion "2"]
[SourceVersionDate "2004.07.06"]
[SourceQuality "1"]

1. e4 e5 2. Nf3 Nc6 3. Bc4 Nf6 4. d3 Be7 5. O-O O-O 6. c3 d5 7. exd5 Nxd5 8.
Nbd2 Bg4 9. h3 Bh5 10. Re1 Nb6 11. Bb5 Bd6 12. Ne4 Bg6 13. Ng3 a6 14. Bxc6 bxc6
15. Nxe5 Bxe5 16. Rxe5 Qxd3 17. Qxd3 Bxd3 18. Rc5 Bb5 19. b3 Nd7 20. Rh5 c5 21.
c4 Bc6 22. Nf5 Rfe8 23. Rg5 g6 24. Ne3 a5 25. Ba3 a4 26. b4 cxb4 27. Bxb4 Re4
28. a3 f6 29. Ra5 Rxa5 30. Bxa5 Ne5 31. Rc1 Nd3 32. Rd1 Nb2 33. Rd8+ Re8 34.
Rd2 Rb8 35. Bb4 Rxb4 36. axb4 a3 37. Rc2 a2 38. Rc1 Ba4 39. Ra1 Bb3 40. Nd5 Na4
41. Nxc7 Bxc4 42. Ne8 Nc3 43. Nd6 Bd5 44. b5 Na4 45. Nc8 Be6 46. Ne7+ Kf8 47.
Nc6 Bc4 48. Nb4 1-0

[Event "Guillermo Garcia Memorial-A 12th"]
[Site "Santa Clara"]
[Date "2004.05.24"]
[Round "4"]
[White "Otero Acosta, Diasmany"]
[Black "Hernandez Onna, Roman"]
[Result "1/2-1/2"]
[WhiteElo "2399"]
[BlackElo "2420"]
[PlyCount "80"]
[EventDate "2004.05.21"]
[EventType "tourn"]
[EventRounds "13"]
[EventCountry "CUB"]
[EventCategory "8"]
[SourceTitle "CBM 100 ext"]
[Source "ChessBase"]
[SourceDate "2004.07.06"]
[SourceVersion "2"]
[SourceVersionDate "2004.07.06"]
[SourceQuality "1"]

1. d4 Nf6 2. c4 e6 3. Nc3 Bb4 4. a3 Bxc3+ 5. bxc3 c5 6. f3 Qa5 7. Bd2 d6 8. e4
Bd7 9. a4 Nc6 10. Ne2 e5 11. d5 Ne7 12. Ng3 h6 13. Qc2 O-O-O 14. Bd3 Rdg8 15.
O-O g5 16. Rfb1 Kb8 17. Qb2 Bc8 18. Ra3 h5 19. Rb3 Qc7 20. Qc1 h4 21. Nf5 Nxf5
22. exf5 Nh5 23. Bxg5 f6 24. Be3 Rh7 25. R1b2 Ka8 26. Be4 Qf7 27. a5 Qc7 28.
Rb5 Rhg7 29. Kf1 Rh7 30. Qb1 a6 31. Rb6 Ng7 32. Rxd6 Qxd6 33. Rb6 Qd7 34. Bxc5
Nxf5 35. d6 Qa4 36. Rxa6+ Kb8 37. Ba7+ Ka8 38. Bb6+ Kb8 39. Ba7+ Ka8 40. Bf2+
Kb8 1/2-1/2

[Event "Guillermo Garcia Memorial-A 12th"]
[Site "Santa Clara"]
[Date "2004.05.26"]
[Round "6"]
[White "Hernandez Onna, Roman"]
[Black "Almeida Quintana, Omar"]
[Result "1/2-1/2"]
[WhiteElo "2420"]
[BlackElo "2426"]
[PlyCount "70"]
[EventDate "2004.05.21"]
[EventType "tourn"]
[EventRounds "13"]
[EventCountry "CUB"]
[EventCategory "8"]
[SourceTitle "CBM 100 ext"]
[Source "ChessBase"]
[SourceDate "2004.07.06"]
[SourceVersion "2"]
[SourceVersionDate "2004.07.06"]
[SourceQuality "1"]

1. d4 f5 2. Nf3 Nf6 3. g3 g6 4. Bg2 Bg7 5. c4 d6 6. Nc3 O-O 7. O-O Nc6 8. d5
Na5 9. b3 c5 10. dxc6 Nxc6 11. Bb2 h6 12. Qc2 g5 13. Rad1 Qe8 14. Nd5 Nxd5 15.
cxd5 Nb4 16. Qd2 Bxb2 17. Qxb2 Qf7 18. a3 Na6 19. b4 Bd7 20. h4 gxh4 21. Nxh4
Qg7 22. Qxg7+ Kxg7 23. Bh3 Rad8 24. Rd4 f4 25. Bxd7 Rxd7 26. gxf4 Rc7 27. Re4
Rf7 28. Kh2 b5 29. e3 Rc3 30. Rg1+ Kf8 31. Re6 Rxa3 32. Ng6+ Ke8 33. Nh8 Rh7
34. Rg8+ Kd7 35. Ng6 Rf7 1/2-1/2

[Event "Guillermo Garcia Memorial-A 12th"]
[Site "Santa Clara"]
[Date "2004.05.28"]
[Round "8"]
[White "Hernandez Onna, Roman"]
[Black "Borges Mateos, Juan"]
[Result "1/2-1/2"]
[WhiteElo "2420"]
[BlackElo "2426"]
[PlyCount "20"]
[EventDate "2004.05.21"]
[EventType "tourn"]
[EventRounds "13"]
[EventCountry "CUB"]
[EventCategory "8"]
[SourceTitle "CBM 100 ext"]
[Source "ChessBase"]
[SourceDate "2004.07.06"]
[SourceVersion "2"]
[SourceVersionDate "2004.07.06"]
[SourceQuality "1"]

1. d4 d5 2. c4 c6 3. cxd5 cxd5 4. Nc3 Nc6 5. Nf3 Nf6 6. Bf4 e6 7. e3 a6 8. Bd3
Bd6 9. Bxd6 Qxd6 10. O-O O-O 1/2-1/2

[Event "Guillermo Garcia Memorial-A 12th"]
[Site "Santa Clara"]
[Date "2004.05.29"]
[Round "9"]
[White "Lafuente, Pablo"]
[Black "Hernandez Onna, Roman"]
[Result "1-0"]
[WhiteElo "2433"]
[BlackElo "2420"]
[PlyCount "65"]
[EventDate "2004.05.21"]
[EventType "tourn"]
[EventRounds "13"]
[EventCountry "CUB"]
[EventCategory "8"]
[SourceTitle "CBM 100 ext"]
[Source "ChessBase"]
[SourceDate "2004.07.06"]
[SourceVersion "2"]
[SourceVersionDate "2004.07.06"]
[SourceQuality "1"]

1. d4 Nf6 2. c4 e6 3. Nc3 Bb4 4. Qc2 Nc6 5. Nf3 d6 6. a3 Bxc3+ 7. Qxc3 Qe7 8.
Bg5 e5 9. d5 Nb8 10. Nd2 Nxd5 11. cxd5 Qxg5 12. Qxc7 Qd8 13. Rc1 Qxc7 14. Rxc7
Na6 15. Rc1 Kd7 16. e4 Nc7 17. b4 Kd8 18. Bd3 Bd7 19. Nc4 Ne8 20. Na5 Rb8 21.
f3 Nc7 22. Nc4 Ne8 23. Kd2 Rc8 24. Rc3 f6 25. Rhc1 Rf8 26. Na5 Rxc3 27. Rxc3
Bc8 28. b5 Rf7 29. Rb3 Rc7 30. b6 Rc5 31. Nxb7+ Bxb7 32. bxa7 Kc7 33. Ba6 1-0

[Event "Guillermo Garcia Memorial-A 12th"]
[Site "Santa Clara"]
[Date "2004.05.30"]
[Round "10"]
[White "Hernandez Onna, Roman"]
[Black "Arencibia Rodriguez, Walter"]
[Result "1/2-1/2"]
[WhiteElo "2420"]
[BlackElo "2505"]
[PlyCount "24"]
[EventDate "2004.05.21"]
[EventType "tourn"]
[EventRounds "13"]
[EventCountry "CUB"]
[EventCategory "8"]
[SourceTitle "CBM 100 ext"]
[Source "ChessBase"]
[SourceDate "2004.07.06"]
[SourceVersion "2"]
[SourceVersionDate "2004.07.06"]
[SourceQuality "1"]

1. d4 d5 2. c4 e5 3. e3 exd4 4. exd4 Nf6 5. Nc3 Bb4 6. Nf3 O-O 7. Be2 Nbd7 8.
O-O dxc4 9. Bxc4 Nb6 10. Bb3 c6 11. h3 Nbd5 12. Bd2 Bf5 1/2-1/2

[Event "Guillermo Garcia Memorial-A 12th"]
[Site "Santa Clara"]
[Date "2004.06.01"]
[Round "11"]
[White "Quesada Perez, Yuniesky"]
[Black "Hernandez Onna, Roman"]
[Result "1-0"]
[WhiteElo "2478"]
[BlackElo "2420"]
[PlyCount "103"]
[EventDate "2004.05.21"]
[EventType "tourn"]
[EventRounds "13"]
[EventCountry "CUB"]
[EventCategory "8"]
[SourceTitle "CBM 100 ext"]
[Source "ChessBase"]
[SourceDate "2004.07.06"]
[SourceVersion "2"]
[SourceVersionDate "2004.07.06"]
[SourceQuality "1"]

1. e4 e5 2. Nf3 Nc6 3. Bb5 a6 4. Ba4 Nf6 5. O-O Be7 6. Qe2 b5 7. Bb3 O-O 8. c3
d5 9. d3 d4 10. Bg5 Bg4 11. Bxf6 Bxf6 12. Bd5 Qd7 13. a4 Rab8 14. axb5 axb5 15.
h3 Bxf3 16. Qxf3 Ne7 17. Bb3 c5 18. Na3 b4 19. cxb4 Rxb4 20. Qd1 Rfb8 21. Ba2
Ng6 22. Nc4 Nf4 23. Bb1 g6 24. Bc2 Kg7 25. Kh2 h5 26. Ra5 Ne6 27. Qf3 Ng5 28.
Qe2 Ne6 29. Rfa1 Bd8 30. Ra6 Bc7 31. Qf3 Qe7 32. Ba4 Ng5 33. Qe2 Ne6 34. g3 h4
35. Bc6 Rh8 36. Rh1 Ng5 37. Kg2 Qf6 38. Bb7 Ne6 39. Bd5 Nf4+ 40. gxf4 Qxa6 41.
fxe5 Rxc4 42. Bxc4 Qb6 43. f4 Rb8 44. Rb1 Qb4 45. Qf2 Ba5 46. Ra1 Rb7 47. b3
Qc3 48. Ra2 Bb4 49. Qf1 Ba3 50. Qf2 Bc1 51. Qxh4 Be3 52. Qf6+ 1-0